MESTSKÁ KNIŽNICA GIRALTOVCE  - online katalóg 

Finalista (Record no. 23214)

000 -NÁVESTIE
fixed length control field 00973cam a2200301 a 4500
001 - EVIDENČNÉ ČÍSLO ZÁZNAMU - Kontrolné číslo
control field vtls011725534
005 - DÁTUM A ČAS POSLEDNEJ TRANSAKCIE
control field 20220427111402.0
008 - ÚDAJE S PEVNOU DĹŽKOU – VŠEOBECNÉ INFORMÁCIE
fixed length control field 200104s2017 xo a g 000 j slo
020 ## - MEDZINÁRODNÉ ŠTANDARDNÉ ČÍSLO KNIHY (ISBN)
Medzinárodné štandardné číslo knihy (ISBN) 9788089930036
Qualifying information (viaz.)
035 ## - Iný štandardný identifikátor
Iný štandardný identifikátor urn:nbn:sk:snk-am00d0ow
035 ## - Iný štandardný identifikátor
Iný štandardný identifikátor urn:nbn:sk:snk-am3hhoq
035 ## - Iný štandardný identifikátor
Iný štandardný identifikátor 8FE917B3-A8C4-4B0D-979A-B90D5B27D859
040 ## - ZDROJ KATALOGIZÁCIE
Pôvodná katalogizujúca agentúra PPPK
Jazyk katalogizácie slo
Prepisujúca agentúra PPPK
Modifikujúca agentúra SNK
Konvencie popisu AACR2
041 0# - KÓD JAZYKA
Kód jazyka textu/zvukovej stopy alebo samostatných nápisov slo
044 ## - KÓD KRAJINY VYDAVATEĽA/PRODUCENTA
Kód krajiny MARC xo
Kód krajiny ISO SK
072 #7 - KÓD PREDMETOVEJ KATEGÓRIE
Kód predmetovej kategórie 821.162.4-3
Pododdiel kódu predmetovej kategórie Slovenská próza
Zdroj konspekt
080 ## - ČÍSLO MEDZINÁRODNÉHO DESATINNÉHO TRIEDENIA (MDT)
Číslo Medzinárodného desatinného triedenia (MDT) 821.162.4-32
Identifikátor vydania 2011
100 1# - OSOBNÉ MENÁ – VŠEOBECNÉ INFORMÁCIE
Osobné meno Kollár, Jozef,
Dátumy súvisiace s menom 1960-
-- 2675
245 10 - NÁZOV
Názov Finalista
Údaj o zodpovednosti atď. Jozef Kollár ; [ilustrácie Martin Kellenberger]
250 ## - ÚDAJ O PORADÍ VYDANIA
Údaj o poradí vydania 1. vyd.
260 ## - VYDAVATEĽSKÉ ÚDAJE, DISTRIBÚCIA ATĎ.
Miesto publikovania, distribúcie atď. Bratislava
Názov vydavateľa, distibútora atď. Regent
Dátum publikovania, distribúcie atď. 2017
300 ## - FYZICKÝ POPIS
Rozsah 140 s.
Ďalšie fyzické detaily ilustr.
Rozmery 22 cm
655 #7 - INDEXAČNÝ TERMÍN – ŽÁNER/FORMA
Údaje o žánri/forme alebo termín, ktorý je prvok fazety slovenské poviedky
Zdroj termínu SNKPH
-- 1766
655 #7 - INDEXAČNÝ TERMÍN – ŽÁNER/FORMA
Údaje o žánri/forme alebo termín, ktorý je prvok fazety Slovak stories
Zdroj termínu SNKPHeng
-- 1702
700 1# - PRIDANÝ VSTUP – OSOBNÉ MENO
Osobné meno Kellenberger, Martin,
Dátumy súvisiace s menom 1957-
Kód roly ill
-- 2926
958 ## - Formálny deskriptor
Formálny deskriptor LX
Holdings
Stav stiahnutia (Blokovanie) (Withrawn status) Stav straty Zdroj klasifikácie pre skladovanie Stav poškodenia (Damaged status) Nie pre výpožičky (Not for loan) Spôsob nadobudnutia (Collection code) Trvalé umiestnenie Aktuálne umiestnenie Dátum nadobudnutia Inventárne číslo (prírastkové číslo) Full call number Čiarový kód Dátum posledného výskytu Cena s účinnosťou od Typ jednotky Koha
          Kúpa Mestská knižnica Giraltovce Mestská knižnica Giraltovce 2019-11-29 9,41 I1830 I1830 2022-04-27 2022-04-27 Odborná literatúra pre dospelých

Powered by Koha